000 00652nam a2200229Ia 4500
003 OSt
005 20220923211741.0
006 a|||||r|||| 00| 0
007 ta
008 220922b |||||||| |||| 00| 0 pl d
024 _a46,378
037 _cTextual
040 _aARTS
_cARTS
_bpl
041 _2pl
_apl
082 _aQ31:211, 151L4.1-.3
100 _aतुलसी
245 0 _aअंगसुत्ताणि, नथमल सम्पा
246 _aAangasuttāṇi, nathamal sampā
260 _aaaykMuwa]
_btSu
_c1974
942 _hQ31:211, 151L4.1-.3
_cTEXL
_2CC
999 _c303151
_d303151